Marcadores da final da Copa do Mundo - Morte súbita - Statistics

Estatísticas Gerais
  • Esse quiz foi jogado 283 vezes
  • A pontuação média é 6 de 12
Answers on the Grid
Answers color-coded by a green-red scale on the quiz's grid according to % correct below.
Mario Götze
Lionel Messi
Ángel Di María
Kylian Mbappé
Antoine Griezmann
Paul Pogba
Ivan Perišić
Mario Mandžukić
Andrés Iniesta
Marco Materazzi
Zinédine Zidane
Ronaldo
Miroslav Klose
Ronaldinho
Thierry Henry
Francesco Totti
Robin van Persie
Arjen Robben
Xavi
Olivier Giroud
Luka Modrić
Julián Álvarez
Ousmane Dembélé
Neymar
Thomas Müller
Mesut Özil
Randal Kolo Muani
Christiano Ronaldo
 
Estatísticas das Respostas
Resposta % Correto
Lionel Messi
72%
Kylian Mbappé
70%
Mario Götze
63%
Andrés Iniesta
62%
Ronaldo
62%
Ángel Di María
61%
Zinédine Zidane
51%
Antoine Griezmann
43%
Mario Mandžukić
43%
Ivan Perišić
35%
Paul Pogba
34%
Marco Materazzi
33%
Nenhum quiz correspondente encontrado
Distribuição das Pontuações
Porcentagem de Pessoas com Cada Pontuação
Percentil de Números Respondidos
Sua Pontuação Histórica
Você não jogou esse quiz